000 00228nam a22000857a 4500
003 SGT
245 _aCIVIL ENGINEERING CONSTRUCTION REVIEW (MAY-AUG)
260 _aNEW DELHI
_bH&K ROLLING MILL ENGINEERS PVT LTD
_c2011
942 _2ddc
_cBV
999 _c17308
_d17308